000 00679nam a2200253 a 4500
001 000012625
005 20200120221920.0
008 990708s1994 espd gr 0 000 d
020 _a84-329-8420-5
082 0 4 _a745.592 24
_bB17
100 0 _aBatek, Oskar
245 1 0 _aMarionetas de mano /
_cOskar Batek.
250 _a2a. ed.
260 _aBarcelona :
_bCeac,
_c1994.
300 _a62p. : il.
490 0 _aNuevas ideas
500 _aTítulo original: Handpuppen
500 _aEj.1 de Biblioteca Mosquera 1a. ed. 1988
650 1 4 _aTITERES Y TEATRO DE TITERES
650 1 4 _aMARIONETAS
650 1 4 _aGUIÑOL
650 1 4 _aTRABAJOS MANUALES
650 1 4 _aMANUALIDADES
999 _c795
_d795